000 00804nam a2200217Ia 4500
999 _c29701
_d29701
003 OSt
005 20210224103117.0
008 160316s2011 xxu||||| |||| 00| 0 eng d
020 _a9781783716081
040 _cNLS
082 _a325.3 SET
100 _aSethi Rumina
245 _aThe politics of postcolonialism : Empire, nation and resistance
260 _aLondon
_bPluto Press
_c2011
300 _a181p
_cviii
365 _b Rs. 1,302
505 _aContent: Acknowledgements; 1. Postcolonialism and its Discontents: An introduction; 2. The End of the Nation?; 3. Globalization and Protest; 4. The United States and Postcolonialism; 5. Conclusion: New Directions; Notes; Bibliography; Index.
650 _a1. Postcolonialism2. Developing Countries
700 _a
_a
942 _2ddc
_cBK